Security in Computing (Record no. 10529)

MARC details
000 -LEADER
fixed length control field 00381nam a22001697a 4500
003 - CONTROL NUMBER IDENTIFIER
control field OSt
008 - FIXED-LENGTH DATA ELEMENTS--GENERAL INFORMATION
fixed length control field 210224b ||||| |||| 00| 0 eng d
020 ## - INTERNATIONAL STANDARD BOOK NUMBER
International Standard Book Number 9789352866533
082 ## - DEWEY DECIMAL CLASSIFICATION NUMBER
Classification number 005.8 PES
100 ## - MAIN ENTRY--PERSONAL NAME
Personal name PFLEEGER,Charles P
245 ## - TITLE STATEMENT
Title Security in Computing
250 ## - EDITION STATEMENT
Edition statement 5th
260 ## - PUBLICATION, DISTRIBUTION, ETC. (IMPRINT)
Place of publication, distribution, etc New Delhi
Name of publisher, distributor, etc Pearson
Date of publication, distribution, etc 2021
300 ## - PHYSICAL DESCRIPTION
Extent 910
650 ## - SUBJECT ADDED ENTRY--TOPICAL TERM
Topical term or geographic name as entry element MCA
942 ## - ADDED ENTRY ELEMENTS (KOHA)
Source of classification or shelving scheme Dewey Decimal Classification
Koha item type Text Books
942 ## - ADDED ENTRY ELEMENTS (KOHA)
-- 8
Holdings
Withdrawn status Lost status Source of classification or shelving scheme Damaged status Not for loan Collection code Home library Current library Date acquired Source of acquisition Currency Cost, normal purchase price Bill Number Total Checkouts Full call number Acc. no. / Barcode Checked out Date last seen Date last borrowed Actual Cost, discounted price Bill Date Koha item type
    Dewey Decimal Classification     MCA PIET C-LIBRARY PIET C-LIBRARY 16/02/2021 Kirti Praskshan IN Rupees 919.00 IN1611 2 005.8 PES 32598 25/08/2025 06/02/2025 06/02/2025 624.92 16/02/2021 Text Books
    Dewey Decimal Classification     MCA PIET C-LIBRARY PIET C-LIBRARY 16/02/2021 Kirti Praskshan IN Rupees 919.00 IN1611 3 005.8 PES 32599   30/05/2024 23/05/2024 624.92 16/02/2021 Text Books
    Dewey Decimal Classification     MCA PIET C-LIBRARY PIET C-LIBRARY 16/02/2021 Kirti Praskshan IN Rupees 919.00 IN1611   005.8 PES 32600   24/02/2021   624.92 16/02/2021 Text Books
    Dewey Decimal Classification     MCA PIET C-LIBRARY PIET C-LIBRARY 16/02/2021 Kirti Praskshan IN Rupees 919.00 IN1611 1 005.8 PES 32601   30/05/2024 23/05/2024 624.92 16/02/2021 Text Books
    Dewey Decimal Classification     MCA PIET C-LIBRARY PIET C-LIBRARY 16/02/2021 Kirti Praskshan IN Rupees 919.00 IN1611 4 005.8 PES 32602   30/05/2024 23/05/2024 624.92 16/02/2021 Text Books
    Dewey Decimal Classification     MCA PIET C-LIBRARY PIET C-LIBRARY 16/02/2021 Kirti Praskshan IN Rupees 919.00 IN1611 4 005.8 PES 32603   30/05/2024 23/05/2024 624.92 16/02/2021 Text Books
    Dewey Decimal Classification     MCA PIET C-LIBRARY PIET C-LIBRARY 16/02/2021 Kirti Praskshan IN Rupees 919.00 IN1611 1 005.8 PES 32604   05/06/2024 23/05/2024 624.92 16/02/2021 Text Books
    Dewey Decimal Classification     MCA PIET C-LIBRARY PIET C-LIBRARY 16/02/2021 Kirti Praskshan IN Rupees 919.00 IN1611 4 005.8 PES 32605 25/08/2025 06/02/2025 06/02/2025 624.92 16/02/2021 Text Books
    Dewey Decimal Classification     MCA PIET C-LIBRARY PIET C-LIBRARY 16/02/2021 Kirti Praskshan IN Rupees 919.00 IN1611 2 005.8 PES 32606   20/04/2023 08/04/2023 624.92 16/02/2021 Text Books
    Dewey Decimal Classification     MCA PIET C-LIBRARY PIET C-LIBRARY 16/02/2021 Kirti Praskshan IN Rupees 919.00 IN1611 4 005.8 PES 32607   30/05/2024 23/05/2024 624.92 16/02/2021 Text Books

Design & Developed by: PIET Central Library
R70 Miles Stone Pattikalyana Samalkha Panipat 132102
mail ID :- [email protected], Phone No:- 0180-2569700 Ex.216